[Event "Eurasia Open Cup 2018"]
[Site "Jekaterienburg"]
[Date "2018.08.09"]
[Round "8"]
[White "Drygalov, Andrey"]
[Black "Timofeev, Artyom"]
[Result "1/2-1/2"]
[WhiteElo "2450"]
[BlackElo "2590"]
[Annotator "ChessBase"]
[PlyCount "81"]
[EventDate "2018.08.01"]
[EventType "swiss"]
[EventCountry "RUS"]
[SourceTitle "playchess.com"]
[Source "ChessBase"]
[SourceQuality "1"]
[TimeControl "5400+30"]

1. e4 {[%emt 0:00:00]} e6 {[%emt 0:00:00]} 2. d4 {[%emt 0:00:26]} d5 {[%emt 0:00:00]} 3. Nd2 {[%emt 0:00:16]} dxe4 {[%emt 0:00:00]} 4. Nxe4 {[%emt 0:00:37]} Nd7 {[%emt 0:00:01]} 5. Nf3 {[%emt 0:00:19]} Ngf6 {[%emt 0:00:07]} 6. Nxf6+ {[%emt 0:00:04]} Nxf6 {[%emt 0:00:05]} 7. Be3 {[%emt 0:00:09]} Be7 {[%emt 0:00:17]} 8. Bd3 {[%emt 0:00:43]} O-O {[%emt 0:00:09]} 9. Qe2 {[%emt 0:01:16]} b6 {[%emt 0:00:09]} 10. O-O-O {[%emt 0:02:35]} Bb7 {[%emt 0:00:06]} 11. Kb1 {[%emt 0:01:53]} Nd5 {[%emt 0:00:39]} 12. Bd2 {[%emt 0:08:46]} c5 {[%emt 0:00:42]} 13. c4 {[%emt 0:06:50]} Nf6 {[%emt 0:01:56]} 14. Bc3 {[%emt 0:04:12]} Qc7 {[%emt 0:05:14]} 15. dxc5 {[%emt 0:02:37]} Qxc5 {[%emt 0:00:48]} 16. Ne5 {[%emt 0:02:25]} Rad8 {[%emt 0:02:23]} 17. f3 {[%emt 0:07:49]} Rd6 {[%emt 0:03:42]} 18. Rd2 {[%emt 0:13:55]} Rfd8 {[%emt 0:02:47]} 19. Rhd1 {[%emt 0:00:50]} a5 {[%emt 0:08:21]} 20. a3 {[%emt 0:04:49]} g6 {[%emt 0:10:47]} 21. Bc2 {[%emt 0:16:21]} Ba6 {[%emt 0:10:23]} 22. Rxd6 {[%emt 0:08:07]} Rxd6 {[%emt 0:00:43]} 23. g3 {[%emt 0:08:54]} Rxd1+ {[%emt 0:21:09]} 24. Qxd1 {[%emt 0:00:10]} Bxc4 {[%emt 0:01:45]} 25. Bd4 {[%emt 0:00:40]} Qd5 {[%emt 0:00:07]} 26. Nxc4 {[%emt 0:00:34]} Qxc4 {[%emt 0:00:00]} 27. Bxb6 {[%emt 0:00:57]} Qb5 {[%emt 0:01:23]} 28. Bd4 {[%emt 0:02:07]} e5 {[%emt 0:02:11]} 29. Bc3 {[%emt 0:02:10]} Nd5 {[%emt 0:00:11]} 30. Qe1 {[%emt 0:03:08]} Bxa3 {[%emt 0:05:05]} 31. Qxe5 {[%emt 0:01:10]} Nxc3+ {[%emt 0:00:09]} 32. Qxc3 {[%emt 0:00:00]} Bb4 {[%emt 0:00:29]} 33. Qd3 {[%emt 0:00:09]} Qxd3 {[%emt 0:01:33]} 34. Bxd3 {[%emt 0:00:05]} f5 {[%emt 0:00:06]} 35. Kc2 {[%emt 0:00:00]} Bc5 {[%emt 0:00:17]} 36. Kd1 {[%emt 0:00:41]} Bg1 {[%emt 0:00:19]} 37. h3 {[%emt 0:00:05]} Bf2 {[%emt 0:00:16]} 38. g4 {[%emt 0:00:03]} f4 {[%emt 0:00:05]} 39. Ke2 {[%emt 0:00:05]} Bh4 {[%emt 0:00:06]} 40. Bc4+ {[%emt 0:00:07]} Kg7 {[%emt 0:00:05]} 41. b3 {[%emt 0:00:00]} 1/2-1/2

[Event "Eurasia Open Cup 2018"]
[Site "Jekaterienburg"]
[Date "2018.08.09"]
[Round "8"]
[White "Drygalov, Sergey"]
[Black "Matsenko, Sergei"]
[Result "1/2-1/2"]
[WhiteElo "2433"]
[BlackElo "2533"]
[Annotator "ChessBase"]
[PlyCount "82"]
[EventDate "2018.08.01"]
[EventType "swiss"]
[EventCountry "RUS"]
[SourceTitle "playchess.com"]
[Source "ChessBase"]
[SourceQuality "1"]
[TimeControl "5400+30"]

1. d4 {[%emt 0:00:00]} Nf6 {[%emt 0:11:02]} 2. c4 {[%emt 0:00:00]} e6 {[%emt 0:00:00]} 3. Nc3 {[%emt 0:00:00]} Bb4 {[%emt 0:00:00]} 4. Qc2 {[%emt 0:00:00]} c5 {[%emt 0:00:42]} 5. dxc5 {[%emt 0:00:00]} O-O {[%emt 0:00:04]} 6. a3 {[%emt 0:00:00]} Bxc5 {[%emt 0:00:01]} 7. Nf3 {[%emt 0:00:14]} b6 {[%emt 0:00:04]} 8. Bf4 {[%emt 0:00:05]} Bb7 {[%emt 0:00:02]} 9. Rd1 {[%emt 0:00:04]} Nc6 {[%emt 0:00:17]} 10. e3 {[%emt 0:01:13]} Nh5 {[%emt 0:02:39]} 11. Bg3 {[%emt 0:00:31]} Be7 {[%emt 0:04:35]} 12. Be2 {[%emt 0:01:00]} h6 {[%emt 0:01:33]} 13. O-O {[%emt 0:01:53]} Nxg3 {[%emt 0:01:07]} 14. hxg3 {[%emt 0:00:04]} a6 {[%emt 0:08:24]} 15. Rd2 {[%emt 0:07:14]} Qc7 {[%emt 0:01:49]} 16. Rfd1 {[%emt 0:00:55]} Rfd8 {[%emt 0:00:00]} 17. g4 {[%emt 0:16:04]} Na5 {[%emt 0:07:09]} 18. b4 {[%emt 0:22:38]} Nxc4 {[%emt 0:18:13]} 19. Bxc4 {[%emt 0:01:00]} Qxc4 {[%emt 0:14:09]} 20. Rxd7 {[%emt 0:04:22]} Rxd7 {[%emt 0:01:17]} 21. Rxd7 {[%emt 0:00:08]} Qc8 {[%emt 0:06:47]} 22. Qd1 {[%emt 0:16:50]} Qxc3 {[%emt 0:14:27]} 23. Rxb7 {[%emt 0:01:36]} Rd8 {[%emt 0:00:06]} 24. Rd7 {[%emt 0:02:25]} Qc7 {[%emt 0:05:00]} 25. Rxd8+ {[%emt 0:00:45]} Qxd8 {[%emt 0:00:00]} 26. Qc2 {[%emt 0:01:33]} g6 {[%emt 0:00:35]} 27. g3 {[%emt 0:01:24]} Bf6 {[%emt 0:00:24]} 28. Kg2 {[%emt 0:01:16]} Kg7 {[%emt 0:00:36]} 29. Qc6 {[%emt 0:00:14]} Qd3 {[%emt 0:00:49]} 30. a4 {[%emt 0:00:19]} Qb3 {[%emt 0:00:04]} 31. a5 {[%emt 0:02:31]} bxa5 {[%emt 0:00:38]} 32. bxa5 {[%emt 0:00:34]} Qd3 {[%emt 0:00:51]} 33. Nd4 {[%emt 0:04:20]} Bxd4 {[%emt 0:01:27]} 34. exd4 {[%emt 0:00:04]} g5 {[%emt 0:00:25]} 35. Qd6 {[%emt 0:04:50]} Qe4+ {[%emt 0:00:21]} 36. Kf1 {[%emt 0:01:22]} Qb1+ {[%emt 0:00:15]} 37. Kg2 {[%emt 0:00:32]} Qe4+ {[%emt 0:00:15]} 38. Kf1 {[%emt 0:00:52]} Qb1+ {[%emt 0:00:28]} 39. Kg2 {[%emt 0:00:04]} Qb7+ {[%emt 0:01:27]} 40. Kg1 {[%emt 0:00:41]} Qb1+ {[%emt 0:00:08]} 41. Kg2 {[%emt 0:03:29]} Qe4+ {[%emt 0:00:41]} 1/2-1/2

[Event "Eurasia Open Cup 2018"]
[Site "Jekaterienburg"]
[Date "2018.08.09"]
[Round "8"]
[White "Kopylov, Alexander A"]
[Black "Patrushev, Konstantin"]
[Result "1-0"]
[WhiteElo "2421"]
[BlackElo "2138"]
[Annotator "NA"]
[PlyCount "77"]
[EventDate "2018.08.01"]
[EventType "swiss"]
[EventCountry "RUS"]
[SourceTitle "playchess.com"]
[Source "ChessBase"]
[SourceQuality "1"]
[TimeControl "5400+30"]

1. d4 {[%emt 0:05:51]} Nf6 {[%emt 0:00:11]} 2. c4 {[%emt 0:00:26]} e6 {[%emt 0:00:06]} 3. g3 {[%emt 0:00:25]} d5 {[%emt 0:01:51]} 4. Bg2 {[%emt 0:00:31]} dxc4 {[%emt 0:02:00]} 5. Qa4+ {[%emt 0:08:09]} Bd7 {[%emt 0:00:52]} 6. Qxc4 {[%emt 0:00:00]} Bc6 {[%emt 0:00:35]} 7. Bxc6+ {[%emt 0:00:49] E02: Open Catalan: 5 Qa4+} (7. Nf3 Be7 8. Nc3 a6 9. O-O b5 10. Qb3 O-O 11. Bg5 Nbd7 12. Rfd1 h6 13. Bxf6 Nxf6 14. Rac1 Qe8 15. a3 Rc8 {1-0 (46) Romanov,E (2619)-Moiseenko,V (2552) Batumi 2018}) 7... Nxc6 {[%emt 0:00:00]} 8. Nf3 {[%emt 0:00:04]} Qd5 {[%emt 0:02:40]} 9. Qxd5 {[%emt 0:00:04]} exd5 {[%emt 0:00:06]} 10. Nc3 {[%emt 0:00:44]} O-O-O {[%emt 0:04:11]} 11. Bg5 {[%emt 0:06:20]} Be7 {[%emt 0:00:50]} 12. e3 $146 {[%emt 0:05:39]} ({Predecessor:} 12. Rc1 Rhe8 13. Bf4 Ne4 14. Nxe4 dxe4 {½-½ (26) Kuba,S (2156)-Vyprachticky,D (2246) Klatovy 2016}) 12... h6 {[%emt 0:00:57]} 13. Bxf6 {[%emt 0:00:36]} Bxf6 {[%emt 0:00:01]} 14. Rc1 {[%emt 0:11:15]} Kb8 {[%emt 0:06:07]} 15. Ke2 {[%emt 0:04:23]} Rhe8 {[%emt 0:00:35]} 16. Kd3 {[%emt 0:00:18]} h5 {[%emt 0:00:14]} 17. h3 {[%emt 0:09:32]} g6 {[%emt 0:03:14]} 18. g4 {[%emt 0:00:00]} Rh8 {[%emt 0:00:09]} 19. g5 {[%emt 0:01:28]} Bg7 {[%emt 0:01:29]} 20. a3 {[%emt 0:18:41]} Ne7 {[%emt 0:04:33]} 21. Nh4 {[%emt 0:00:29]} c5 {[%emt 0:06:22]} 22. f4 {[%emt 0:01:41]} f5 {[%emt 0:06:41]} 23. gxf6 {[%emt 0:01:29]} ({White should play} 23. b4 $16) 23... Bxf6 {[%emt 0:00:09]} 24. Nf3 {[%emt 0:00:33]} Nf5 {[%emt 0:06:51]} 25. Rhg1 {[%emt 0:01:09]} Rhe8 {[%emt 0:00:14]} 26. Rce1 {[%emt 0:02:43]} Nh4 {[%emt 0:05:45]} 27. Nxh4 {[%emt 0:03:46]} Bxh4 {[%emt 0:00:10]} 28. Ref1 {[%emt 0:01:33]} cxd4 {[%emt 0:00:36]} 29. exd4 {[%emt 0:00:42]} Rd6 {[%emt 0:01:47]} 30. f5 {[%emt 0:05:52]} g5 {[%emt 0:00:21]} 31. Rg2 {[%emt 0:00:54]} ({Reject} 31. f6 $6 Rf8 $11) 31... Rf8 {[%emt 0:09:33] [#]} 32. Re2 $1 {[%emt 0:01:12]} Bg3 $16 {[%emt 0:00:34]} 33. Re5 {[%emt 0:02:30]} Rdf6 {[%emt 0:17:16]} 34. Rxd5 {[%emt 0:00:13]} Bf4 {[%emt 0:00:06]} 35. h4 {[%emt 0:01:24]} Rxf5 {[%emt 0:02:19]} 36. Rxf5 {[%emt 0:00:12]} Rxf5 {[%emt 0:00:00]} 37. hxg5 {[%emt 0:00:09]} Rf8 {[%emt 0:00:05]} 38. Ne4 {[%emt 0:04:20]} b6 {[%emt 0:03:39]} 39. Nf6 {[%emt 0:00:19]} 1-0

[Event "Eurasia Open Cup 2018"]
[Site "Jekaterienburg"]
[Date "2018.08.09"]
[Round "8"]
[White "Makhmutov, Rail"]
[Black "Gusarov, Aleksey"]
[Result "1-0"]
[WhiteElo "2416"]
[BlackElo "2238"]
[Annotator "NA"]
[PlyCount "65"]
[EventDate "2018.08.01"]
[EventType "swiss"]
[EventCountry "RUS"]
[SourceTitle "playchess.com"]
[Source "ChessBase"]
[SourceQuality "1"]
[TimeControl "5400+30"]

1. Nf3 {[%emt 0:00:00]} Nf6 {[%emt 0:00:10]} 2. c4 {[%emt 0:00:15]} e6 {[%emt 0:01:58]} 3. g3 {[%emt 0:00:52]} d5 {[%emt 0:00:22]} 4. Bg2 {[%emt 0:00:41]} Be7 {[%emt 0:01:15]} 5. O-O {[%emt 0:00:15]} O-O {[%emt 0:00:19]} 6. d4 {[%emt 0:02:12]} c5 {[%emt 0:10:56]} 7. cxd5 {[%emt 0:02:05]} Nxd5 {[%emt 0:00:42]} 8. dxc5 {[%emt 0:08:07] E06: Closed Catalan: Early deviations} (8. e4 Nb6 9. Nc3 cxd4 10. Nxd4 e5 11. Ndb5 Nc6 12. Nd5 Be6 13. Nbc7 Nxd5 14. Nxe6 fxe6 15. exd5 exd5 16. Qxd5+ Kh8 17. Be3 Qxd5 18. Bxd5 {1-0 (46) Vijayalakshmi,S (2357)-Szczepkowska,K (2419) Riadh 2017}) 8... Bxc5 {[%emt 0:00:39]} 9. e4 {[%emt 0:03:12]} Nc7 {[%emt 0:02:46]} 10. Qc2 {[%emt 0:06:40]} Qe7 {[%emt 0:01:39]} 11. e5 $146 {[%emt 0:03:53]} ({Predecessor:} 11. Nc3 e5 12. Na4 Nca6 {½-½ (32) Luecke,V (1875)-Dirksen,A (1675) Bad Zwischenahn 2003}) 11... f6 {[%emt 0:05:46]} 12. Nc3 {[%emt 0:08:36]} Bd7 {[%emt 0:04:48]} 13. Ne4 {[%emt 0:03:27]} Bb6 {[%emt 0:01:33]} 14. exf6 {[%emt 0:06:44]} gxf6 {[%emt 0:00:27]} 15. Bh6 {[%emt 0:00:06]} Rd8 {[%emt 0:03:15]} 16. g4 {[%emt 0:07:20]} Nd5 {[%emt 0:31:35]} 17. g5 {[%emt 0:03:41]} f5 {[%emt 0:00:26] [#]} 18. Nf6+ $1 {[%emt 0:00:28]} Nxf6 {[%emt 0:00:21]} 19. gxf6 {[%emt 0:00:01]} Qxf6 {[%emt 0:00:11]} 20. Bg5 {[%emt 0:00:08]} Qg7 {[%emt 0:00:05]} 21. Bxd8 {[%emt 0:00:54]} Bxd8 {[%emt 0:00:05]} 22. Rad1 {[%emt 0:04:51]} Nc6 {[%emt 0:05:59] [#]} 23. Qd3 $1 {[%emt 0:01:39]} Be8 {[%emt 0:01:33]} 24. Qb3 {[%emt 0:02:56]} Kh8 {[%emt 0:12:39]} 25. Qxe6 {[%emt 0:04:15]} Bh5 $18 {[%emt 0:00:15]} 26. Kh1 {[%emt 0:07:09]} Bf6 {[%emt 0:02:18]} 27. Rg1 {[%emt 0:03:15]} Rg8 {[%emt 0:00:33]} 28. Qxf5 {[%emt 0:00:59]} Bg4 {[%emt 0:00:31]} 29. Qe4 {[%emt 0:00:58]} Ne5 {[%emt 0:02:07]} 30. Rde1 {[%emt 0:00:58]} Nd7 {[%emt 0:03:17]} 31. Bh3 {[%emt 0:02:39]} h5 {[%emt 0:01:24]} 32. Bxg4 {[%emt 0:00:16]} hxg4 {[%emt 0:00:04]} 33. Qf5 {[%emt 0:00:41]} 1-0

[Event "Eurasia Open Cup 2018"]
[Site "Jekaterienburg"]
[Date "2018.08.09"]
[Round "8"]
[White "Yeletsky, Ivan"]
[Black "Grachev, Alexey"]
[Result "1/2-1/2"]
[WhiteElo "2412"]
[BlackElo "2277"]
[Annotator "NA"]
[PlyCount "89"]
[EventDate "2018.08.01"]
[EventType "swiss"]
[EventCountry "RUS"]
[SourceTitle "playchess.com"]
[Source "ChessBase"]
[SourceQuality "1"]
[TimeControl "5400+30"]

1. e4 {[%emt 0:00:00]} c5 {[%emt 0:00:06]} 2. Nf3 {[%emt 0:00:07]} d6 {[%emt 0:00:11]} 3. d4 {[%emt 0:00:08]} cxd4 {[%emt 0:00:09]} 4. Nxd4 {[%emt 0:00:02]} Nf6 {[%emt 0:00:06]} 5. Nc3 {[%emt 0:00:08]} Nc6 {[%emt 0:00:16]} 6. Bg5 {[%emt 0:00:11]} e6 {[%emt 0:00:06]} 7. Qd2 {[%emt 0:00:07]} a6 {[%emt 0:00:07]} 8. O-O-O {[%emt 0:00:05]} Bd7 {[%emt 0:00:09]} 9. f4 {[%emt 0:00:09]} Be7 {[%emt 0:00:34]} 10. Nf3 {[%emt 0:00:10]} b5 {[%emt 0:00:07]} 11. Bxf6 {[%emt 0:00:14]} gxf6 {[%emt 0:00:07]} 12. f5 {[%emt 0:00:06]} Qb6 {[%emt 0:00:07]} 13. Kb1 {[%emt 0:05:09]} O-O-O {[%emt 0:01:02]} 14. g3 {[%emt 0:01:33] B69: Sicilian: Richter-Rauzer: 7...a6 8 0-0-0 Bd7 9 f4 Be7 10 Nf3 b5 11 Bxf6} Kb8 {[%emt 0:00:13]} 15. Bh3 {[%emt 0:00:37]} Na5 {[%emt 0:06:31]} 16. fxe6 {[%emt 0:00:23]} fxe6 {[%emt 0:00:08] [#]} 17. b3 $146 {[%emt 0:04:09]} ({Predecessor:} 17. Nd4 b4 18. Nce2 e5 19. Bxd7 {½-½ (19) Hovhannisyan,R (2601)-Demchenko,A (2672) Batumi 2018}) 17... b4 {[%emt 0:00:56]} 18. Ne2 {[%emt 0:00:07]} Nb7 {[%emt 0:00:32]} 19. Rhe1 {[%emt 0:00:29]} Nc5 {[%emt 0:02:51]} 20. Nf4 {[%emt 0:00:30]} Qb7 {[%emt 0:17:59]} 21. Nd4 {[%emt 0:36:43]} e5 {[%emt 0:08:01]} 22. Bxd7 {[%emt 0:00:14]} Rxd7 {[%emt 0:00:40]} 23. Nde6 {[%emt 0:00:29]} Nxe4 {[%emt 0:01:26]} 24. Rxe4 {[%emt 0:00:13]} Qxe4 {[%emt 0:00:06]} 25. Nd5 {[%emt 0:00:23]} Re8 {[%emt 0:06:06]} 26. h3 {[%emt 0:08:56]} a5 {[%emt 0:03:45]} 27. g4 {[%emt 0:07:59]} Qf3 {[%emt 0:12:24]} 28. Ng7 {[%emt 0:02:54]} (28. Qe1 $1 $11 {bleibt in der Remisbreite.}) 28... Rg8 {[%emt 0:00:12]} 29. Nf5 {[%emt 0:03:55]} Bd8 {[%emt 0:00:12]} 30. Rg1 $2 {[%emt 0:05:16]} (30. Nfe3 $17) 30... h5 {[%emt 0:07:16]} ({Don't take} 30... Qxh3 31. Qe2 $17) 31. Nfe3 {[%emt 0:03:34]} hxg4 {[%emt 0:03:46]} 32. hxg4 {[%emt 0:02:10]} Qe4 $17 {[%emt 0:03:45]} 33. Qe2 {[%emt 0:01:38]} Qd4 {[%emt 0:01:06]} 34. Rd1 {[%emt 0:03:28]} Qc5 {[%emt 0:01:03]} 35. Qh2 {[%emt 0:01:57]} a4 {[%emt 0:02:46]} 36. Qd2 {[%emt 0:00:54]} Rb7 {[%emt 0:01:26]} 37. bxa4 {[%emt 0:05:49]} Qc6 {[%emt 0:02:07]} 38. Qd3 {[%emt 0:01:13]} Rf8 {[%emt 0:05:22]} 39. Qb3 {[%emt 0:01:23]} Qc5 {[%emt 0:02:55]} 40. Nc4 {[%emt 0:00:05]} Rh8 {[%emt 0:01:45]} 41. Nde3 {[%emt 0:02:42]} Bc7 {[%emt 0:00:28]} 42. Nd5 {[%emt 0:01:20]} Bd8 {[%emt 0:01:04]} 43. Nde3 {[%emt 0:00:15]} Bc7 {[%emt 0:00:01]} 44. Nd5 {[%emt 0:00:00]} Bd8 {[%emt 0:00:00]} 45. Nde3 {[%emt 0:00:01]} 1/2-1/2

[Event "Eurasia Open Cup 2018"]
[Site "Jekaterienburg"]
[Date "2018.08.09"]
[Round "8"]
[White "Inozemtsev, Sergei"]
[Black "Tsydypov, Zhamsaran"]
[Result "1-0"]
[WhiteElo "2312"]
[BlackElo "2514"]
[Annotator "TA"]
[PlyCount "93"]
[EventDate "2018.08.01"]
[EventType "swiss"]
[EventCountry "RUS"]
[SourceTitle "playchess.com"]
[Source "ChessBase"]
[SourceQuality "1"]

{[%evp 19,93,54,74,33,33,35,37,27,32,35,31,16,12,19,88,-17,-15,-12,-14,-11,-7,-23,-32,-13,-10,-68,-37,-33,-38,-83,-89,-153,-165,-164,-150,-172,-90,-97,-10,-38,-35,-105,-74,-178,-95,-177,0,-55,-62,-50,-63,-238,36,32,153,157,435,420,485,471,495,473,563,567,562,581,675,555,575,553,567,533,547,504,561,485]} 1. e4 g6 2. d4 Bg7 3. Nc3 d6 4. Be3 Nd7 5. Nf3 a6 6. Bc4 {B06: Modern Defence} e6 7. a4 b6 8. O-O h6 9. h3 Bb7 10. Re1 Ne7 {LiveBook: 4 Games} 11. Bd3 $146 ({Predecessor:} 11. Qd2 c6 12. Bf4 Qc7 13. Rad1 {½-½ (98) Lodhi,M (2358)-Bologan,V (2734) Istanbul 2012}) 11... O-O 12. Qd2 Kh7 13. Ne2 e5 14. dxe5 dxe5 15. Nc3 f5 16. Qe2 Nc8 (16... f4 $11 {remains equal.} 17. Bd2 Nc8) 17. Nh2 (17. exf5 $16 {Ng5+! is the strong threat.} gxf5 18. Ng5+ hxg5 19. Qh5+ Bh6 20. h4 $1 {[%mdl 512]}) 17... Nd6 18. f3 Nf6 {[%cal Rf5e4]} 19. Rad1 {And now exf5 would win.} Qe8 20. Bc1 Nh5 21. Nf1 Bf6 {[%cal Bg7f6,Bf6h4,Bh4g3][%mdl 32]} 22. g3 (22. a5 $11) 22... f4 $36 {[%mdl 2048] Black fights for an advantage.} 23. g4 $1 {[%cal Rg4h5]} Ng7 $1 24. Nd2 Ne6 25. Nb3 (25. Rf1 $142) 25... Bh4 $17 26. Rf1 Bg3 27. Kg2 Ng5 (27... a5 $19 28. Nb5 Nf7) 28. a5 Qe7 (28... h5 $17 29. Rh1 h4) 29. Rh1 h5 30. Nd2 ({White should play} 30. axb6 $15 cxb6 31. Bd2) 30... b5 31. b4 {[#]} (31. Nd5 $17 Qf7 32. b4) 31... Rae8 (31... c6 $1 $19 32. Qf1 Rad8) 32. Nb3 (32. Nd5 $17 Bxd5 33. exd5) 32... Ndf7 $2 (32... c6 $19 33. Qf1 Rd8) 33. Nc5 ({White should try} 33. gxh5 $1 $11 gxh5 34. Nc5) 33... Bc8 $1 $15 34. Nd5 $1 {[%cal Rd5e7]} Qd8 35. Kf1 $2 ({Better is} 35. Nxf4 $1 $15 exf4 36. Bxb5) 35... Nxf3 $2 (35... hxg4 $19 36. hxg4+ Kg7) 36. Qxf3 $14 {Threatens to win with Qg2.} Ng5 (36... Qh4 $1 $14) 37. Qg2 $16 hxg4 $2 (37... h4 $16 38. c4 c6) 38. hxg4+ $18 Kg7 39. Be2 {White is clearly winning.} Qd6 40. Bf3 Rd8 {Now ...c6 and Black clings on.} 41. Rd3 Qc6 42. Bb2 Rde8 43. Ke2 {[%cal Bf1e2,Be2d2,Bd2c1][%mdl 32]} Nf7 44. Kd2 Rh8 45. Kc1 Rxh1+ 46. Qxh1 Rh8 47. Qd1 {Precision: White = 32%, Black = 36%.} 1-0

[Event "Eurasia Open Cup 2018"]
[Site "Jekaterienburg"]
[Date "2018.08.09"]
[Round "8"]
[White "Pozin, Sergey"]
[Black "Shinkevich, Vitaly"]
[Result "0-1"]
[WhiteElo "2294"]
[BlackElo "2437"]
[Annotator "TA"]
[PlyCount "128"]
[EventDate "2018.08.01"]
[EventType "swiss"]
[EventCountry "RUS"]
[SourceTitle "playchess.com"]
[Source "ChessBase"]
[SourceQuality "1"]

{[%evp 16,128,0,-9,0,-8,9,11,27,29,32,13,16,5,16,0,0,0,0,0,0,0,0,0,0,-26,0,-18,14,0,24,0,18,0,0,0,0,0,0,0,0,0,0,0,0,0,0,0,0,-29,-27,-37,-32,-41,-45,-97,-97,-97,-97,-97,-97,-97,-97,-97,-97,-118,-110,-275,-243,-216,-97,-83,0,0,0,0,0,0,0,0,-2,-225,-276,-259,-243,-245,-229,-585,-520,-12845,-12845,-12845,-12846,-12846,-12847,-12847,-12846,-12847,-12847,-12847,-12847,-12849,-12848,-12849,-12849,-12850,0,-12850,-12846,-12849,-12849,-12850,-12849,-12850,-12850]} 1. d4 Nf6 2. c4 g6 3. Nc3 Bg7 4. e4 O-O 5. Nf3 c6 6. Bg5 {E70: King's Indian: Miscellaneous lines with 4 e4, including 5 Nge2 and 5 Bd3 0-0 6 Nge2} (6. Be2 d5 7. e5 Ne8 8. h4 h5 9. Ng5 f6 10. exf6 exf6 11. Nh3 Bxh3 12. Rxh3 f5 13. Bg5 Qd7 14. Kf1 Nc7 15. Re3 {0-1 (50) Vallejo Pons,F (2716)-Jobava,B (2665) Baku 2016}) 6... d5 7. cxd5 cxd5 8. Bxf6 exf6 9. exd5 {LiveBook: 6 Games} ({Much worse is} 9. Nxd5 f5 $17) 9... a6 10. Be2 f5 $146 ({Predecessor:} 10... b5 11. O-O Re8 12. Nd2 Ra7 13. Bf3 Nd7 {0-1 (84) Piasetski,L (2308)-Manolache,M (2530) Neustadt an der Weinstrasse 2008}) 11. O-O Qd6 12. a4 Nd7 13. Re1 b6 14. Qb3 Bb7 15. Bc4 Rfe8 16. Re3 Rxe3 17. fxe3 Re8 18. Re1 Nf6 19. h3 Bh6 20. Ne5 Bc8 21. Qa3 Bf8 22. Qxd6 Bxd6 23. Nc6 h5 24. b4 h4 25. Re2 Kg7 26. b5 a5 27. Bd3 Bb4 28. Nxb4 axb4 29. Na2 $1 {[%cal Ra2b4]} Nxd5 {Threatens to win with ...b3.} 30. Bc4 $1 {[%cal Rc4d5]} Nxe3 31. Nxb4 Re4 32. Ba2 (32. Bd5 $5 Rxd4 33. Rxe3 Rxb4 34. Re8 $11) 32... Rxd4 33. Rxe3 {Hoping for Nd5.} Rxb4 $11 {[%mdl 4096] Endgame KRB-KRB} 34. Re7 Rxa4 35. Rxf7+ (35. Bxf7 $15 Ra1+ 36. Kf2) 35... Kh6 $17 36. Bd5 Rd4 37. Bc6 Rd6 38. Rc7 Be6 39. Rb7 Bc4 $1 40. Kf2 Kg5 41. Ke3 $2 (41. Ke1 $17 {might work better.}) 41... Rd3+ $19 42. Kf2 Rd2+ (42... Kf4 $19 {and Black stays clearly on top.} 43. Ke1 Rd6 44. Rxb6 Re6+ 45. Kd2 Bxb5 $1 {[%mdl 512]} 46. Rxb5 Rxc6) 43. Ke3 $17 Rb2 ({Black should try} 43... Rd6 $1 $17 44. Rxb6 Bxb5 $1 {[%mdl 512]} 45. Rxb5 Rxc6) 44. Rxb6 $11 Bf1 45. Kd4 $1 Bxg2 46. Be8 Bxh3 {And now ...Kf4 would win.} 47. Rxg6+ Kf4 48. b6 $2 {[#]} (48. Kc3 $11 Rg2 49. Rh6) 48... Bg2 $1 $19 49. Kc3 {[#]} Re2 $1 50. Bb5 Re3+ 51. Kd2 $2 (51. Kb4 {is more resistant.} h3 52. Bc6 Bxc6 53. Rxc6) 51... h3 {...h2 is the strong threat.} 52. Rxg2 (52. Rh6 $142 Rb3 53. Bd7) 52... hxg2 {KR-KB} 53. b7 g1=Q 54. b8=Q+ {KQR-KQB} Re5 55. Bd3 Qe3+ 56. Kc2 Kf3 57. Qb7+ Kf2 {( -> ...Rc5+)} 58. Qd7 Rc5+ 59. Kb3 Qe5 60. Bc4 Qe3+ $2 ({Black should play} 60... Rxc4 $19 61. Kxc4 f4 62. Qa7+ Kg2 63. Qa2+ Kg3) 61. Kb4 $2 {[%mdl 8192]} (61. Bd3 $11 f4 62. Qd6) 61... Re5 {Black is clearly winning.} 62. Qf7 Qc5+ 63. Kb3 Re3+ 64. Kc2 Re4 {Precision: White = 38%, Black = 66%.} 0-1

[Event "Eurasia Open Cup 2018"]
[Site "Jekaterienburg"]
[Date "2018.08.09"]
[Round "8"]
[White "Tsybikov, Tumen"]
[Black "Faizrakhmanov, Ramil"]
[Result "0-1"]
[WhiteElo "2272"]
[BlackElo "2407"]
[Annotator "NA"]
[PlyCount "44"]
[EventDate "2018.08.01"]
[EventType "swiss"]
[EventCountry "RUS"]
[SourceTitle "playchess.com"]
[Source "ChessBase"]
[SourceQuality "1"]
[TimeControl "5400+30"]

1. e4 {[%emt 0:00:28]} c6 {[%emt 0:00:00]} 2. d4 {[%emt 0:03:25]} d5 {[%emt 0:00:02]} 3. e5 {[%emt 0:00:44]} Bf5 {[%emt 0:00:29]} 4. h4 {[%emt 0:00:06]} h5 {[%emt 0:00:38]} 5. Bd3 {[%emt 0:00:19]} Bxd3 {[%emt 0:00:22]} 6. Qxd3 {[%emt 0:00:06]} e6 {[%emt 0:00:45]} 7. Bg5 {[%emt 0:00:15]} Be7 {[%emt 0:00:35]} 8. Nf3 {[%emt 0:00:23]} Nh6 {[%emt 0:00:22]} 9. Nc3 {[%emt 0:00:44]} Nf5 {[%emt 0:00:27]} 10. Ne2 {[%emt 0:00:06]} c5 {[%emt 0:02:08]} 11. c3 {[%emt 0:06:48]} cxd4 {[%emt 0:02:16]} 12. Nexd4 {[%emt 0:02:00]} Nxd4 {[%emt 0:00:34]} 13. Qxd4 {[%emt 0:00:39]} Nc6 {[%emt 0:02:29]} 14. Qf4 {[%emt 0:01:06]} f6 {[%emt 0:08:19]} 15. exf6 {[%emt 0:02:17]} gxf6 {[%emt 0:05:57]} 16. Bh6 {[%emt 0:02:54]} e5 {[%emt 0:03:15]} 17. Qd2 {[%emt 0:06:33]} Qd7 {[%emt 0:05:15]} 18. O-O-O {[%emt 0:02:07]} Qf5 {[%emt 0:11:56]} 19. a3 {[%emt 0:20:07]} d4 {[%emt 0:04:11]} 20. Rde1 {[%emt 0:02:49]} dxc3 {[%emt 0:04:39]} 21. Qe3 {[%emt 0:00:13]} Na5 {[%emt 0:01:01]} 22. Nd4 {[%emt 0:03:05]} cxb2+ {[%emt 0:00:11]} 0-1